| 000 | 00392nam a2200145 a 4500 | ||
|---|---|---|---|
| 999 |
_c924 _d924 |
||
| 001 | 924 | ||
| 003 | CDMR | ||
| 005 | 20210916133936.0 | ||
| 008 | 130130s1971||||||||||||||||||||||||||||d | ||
| 040 |
_aCDMR _bcat _cCDMR |
||
| 100 | 1 |
_aBator, Juan Pedro _9722 |
|
| 245 | 1 | 3 |
_aEl Diluvio _b: estudio monográfico de una leyenda periodística _cJuan Pedro Bator |
| 260 |
_aBarcelona _c1971 |
||
| 942 |
_cTSN _2udc |
||